01053 2200337 4500001002100000005001500021035002000036007000300056008004100059020002200100040002200122082001600144090002200160100003200182245012800214250003500342300003000377500001100407700002200418700003300440850001200473504003100485264003900516336002100555337003000576338002100606999002200627084001800649650002600667990002200693INLIS00000000089722520250618111023 a0010-0625000596ta250618s2024 yoi g 1 ind d a978-623-8588-88-6 aYOPDYOGbinderda04223a297.267 aCB-D.11 2024-67681 aNurdin Zuhdi, M.ePengarang10aLiving Qur'an dalam tradisi sekaten :bdialektika agama dan budaya /cM. Nurdin Zuhdi, Sawaun; penyunting, Rizki Firmansyah aCetakan pertama: November 2024 aviii, 96 halaman ;c23 cm aIndeks0 aSawaunePengarang aRizki FirmansyahePenyunting aYOPDYOG aBibliografi: halaman 81-8731aBantul :bBildung Nusantara,c2024 2rdacontentateks 2rdamediaatanpa perantara 2rdacarrierateks aCB-D.11/2024-6768 a297.267 NUR l 4aIslam--xAspek budaya aCB-D.11/2024-6768